000 00616nam a2200217Ia 4500
005 20241129104407.0
008 241129s9999||||xx |||||||||||||| ||und||
020 _a9788178808833
037 _aTextual
040 _aRTL
_beng
_cRTL
041 _aeng
_2eng
084 _aY:(G:55) R4
_qRTL
100 _aKhan Abdul Rashid
_9332059
245 0 _aEnvironmental sociology
_cKhan Abdul Rashid
260 _aNew Delhi
_bRajat Publications
_c2024
300 _axii,272p.
365 _aINR
_b1550
650 _aEnvironmental Sociology
_9436168
942 _cTB
_hY:(G:55) R4
999 _c1225709
_d1225709